Logique binaire et commutation /

Guardado en:
Autor Principal: Brunin, Jean, 1921-
Formato: Libro
Idioma:French
Publicado: Paris : Dunod, 1966, c1965.
Series:Bibliothèque de l'automaticien ; 11
Etiquetas: Agregar Etiqueta
Sin Etiquetas, Sea el primero en etiquetar este registro!
LEADER 00598nam a22001695a 4500
001 MAT.inmabb004416
008 070312t19661965fr#a#####b####001#0#fre#d
005 20160614130746.0
245 1 0 |a Logique binaire et commutation /  |c par J. Brunin ; préface de M. Cogneaux. 
260 |a Paris :  |b Dunod,  |c 1966, c1965. 
300 |a xvi, 548 p. :  |b il. ;  |c 25 cm. 
440 0 |a Bibliothèque de l'automaticien ;  |v 11 
504 |a Incluye referencias bibliográficas (p. [543]-544) e índice. 
100 1 |a Brunin, Jean,  |d 1921- 
084 |a 94C10  |2 msc2000 
010 |a  66047371  
859 |h 94  |i B896  |p A-2378  |b BIB. MATEMATICA